00730nam a22002177a 450000500170000001000110001702000100002803500110003803700160004904000120006508200160007710000180009324501700011126000430028127000460032430000260037050000190039665000480041565000230046370000260048620170124110111.0 a004993 c00.00 a004993 bCen Lib/Ret aDPLbEN a899.17bMIR aMirsky, D. S. aA history of Russian literature : cby D. S. Mirsky; edited by Francis J. Whitfieldbcomprising a history of Russian literature and contemporary Russian literature / aLondonbRoutledge and Kegan Paulc1949 bLondonaBroadway House: 68-74 Carter Lane axxiv,518p. c20cm(Hb) aIncludes index aRussian literature -- History and criticism aRussian literature aWhitfield, Francis J.